Kształty państw ukryte za kształtami państw #2 - Statystyki

Ogólne statystyki
  • Ten quiz został rozwiązany 15 948 razy
  • Średni wynik to 14 z 21
Odpowiedzi na mapie
Odpowiedzi zakodowano w zielono-czerwonej skali na mapie do tego quizu, zgodnie z poniższymi procentami.
 
Statystyki odpowiedzi
Odpowiedź % Poprawnych
Chile
95%
Włochy
95%
Hiszpania
93%
Islandia
90%
Turcja
89%
Maroko
87%
Meksyk
86%
Wietnam
85%
Ukraina
83%
Papua-Nowa Gwinea
77%
Demokratyczna Republika Konga
68%
Angola
63%
Namibia
63%
Tajwan
63%
Szwajcaria
61%
Gambia
59%
Syria
47%
Gabon
39%
Antigua i Barbuda
26%
Singapur
26%
Samoa
20%
Nie znaleziono quizów pasujących do podanych kryteriów
Rozkład punktacji
Procent ludzi z każdym wynikiem
Percentyl według liczby udzielonych odpowiedzi
Twoja historia wyników
Nie rozwiązałeś tego quizu